Se alquila

Guardat en:
Dades bibliogràfiques
Autor principal: Galsworthy, John (Autor)
Format: Llibre
Idioma:espanyol
Publicat: Buenos Aires Sudamericana 1960
Edició:2a. ed
Col·lecció:Colección Piragua, 30
Matèries:
Etiquetes: Afegir etiqueta
Sense etiquetes, Sigues el primer a etiquetar aquest registre!

MARC

LEADER 00000cam a2200000 a 4500
001 UCE7418
003 CL-VaPUC
008 150605e19600000ag |||||||||||||||||spa|d
082 0 4 |a 823  |b GAL  |2 21 
100 |a Galsworthy, John  |e author  |9 580095 
245 1 0 |a Se alquila 
250 |a 2a. ed 
300 |a 273 p 
942 |c BK 
945 |d 20150605 14:50:00  |a gsalatino 
260 |a Buenos Aires  |b Sudamericana  |c 1960 
650 0 |a Novelas inglesas  |9 265220 
650 0 |a Literatura inglesa  |9 312907 
583 |a last modification  |c 20150605 14:50:00  |k Rodrigo Vera 
490 0 |a Colección Piragua, 30 
999 |c 359513  |d 359511 
952 |0 0  |1 0  |3 erb  |4 0  |6 823_000000000000000_GAL_1960  |7 0  |8 A  |9 468717  |a BIBEDU  |b BIBEDU  |e Villagrán Garnham, Jorge  |i 5177162  |o 823 GAL 1960  |p 5177162  |r 2019-11-23  |w 2019-11-23  |y BK  |z Catalogado en:20150605  |k LIT